| 000 | 00651nam a2200229 i 4500 | ||
|---|---|---|---|
| 001 | bg | ||
| 100 | 1 | _aNOWAKOWSKI, Marek | |
| 245 | 1 | 0 |
_aPHP4 & MySQL dla webmastera - to łatwe! / _cMarek Nowakowski. |
| 260 |
_aWarszawa : _b"Translator", _ccop. 2001. |
||
| 300 |
_a356 s. : _bil. ; _c24 cm. |
||
| 650 | 9 | _aPHP | |
| 650 | 9 | _aMySQL | |
| 655 | _aPodręczniki | ||
| 020 | _a8386149787 | ||
| 040 | _cBPK | ||
| 041 | 0 | _apl | |
| 080 | _a004.42+004.438A/Z:004.738.52:004.652](07) | ||
| 920 | _a83-86149-78-7 | ||
| 942 | _cKS | ||
| 008 | s pl f |000 0 pol | ||
| 999 |
_c40060 _d40060 |
||
| 856 |
_uhttp://koha.tu.koszalin.pl/cgi-bin/koha/opac-detail.pl?biblionumber=40060 _yKatalog online BPK |
||